MARC details
| 000 -CABECERA |
| campo de control de longitud fija |
01089nam a2200265 a 4500 |
| 001 - NÚMERO DE CONTROL |
| campo de control |
000043745 |
| 003 - IDENTIFICADOR DEL NÚMERO DE CONTROL |
| campo de control |
DO-SdBNP |
| 005 - FECHA Y HORA DE LA ÚLTIMA TRANSACCIÓN |
| campo de control |
20240402134029.0 |
| 007 - CAMPO FIJO DE DESCRIPCIÓN FÍSICA--INFORMACIÓN GENERAL |
| campo de control de longitud fija |
ta |
| 008 - DATOS DE LONGITUD FIJA--INFORMACIÓN GENERAL |
| campo de control de longitud fija |
090715s2014 dr 000 0 spa d |
| 040 ## - FUENTE DE LA CATALOGACIÓN |
| Centro catalogador/agencia de origen |
DO-SdBNP |
| Lengua de catalogación |
spa |
| Centro/agencia transcriptor |
BNPHU |
| 082 #4 - NÚMERO DE LA CLASIFICACIÓN DECIMAL DEWEY |
| Número de edición |
22 |
| 110 1# - ENTRADA PRINCIPAL--NOMBRE DE ENTIDAD CORPORATIVA |
| Nombre de entidad corporativa o nombre de jurisdicción como elemento de entrada |
República Dominicana |
| 9 (RLIN) |
447 |
| 240 10 - TÍTULO UNIFORME |
| Título uniforme |
[Código procesal penal ] |
| 245 10 - MENCIÓN DE TÍTULO |
| Título |
Nuevo código procesal penal de la República Dominicana del 2 de 2002 (mod. por la leyes 278-04 y 176-07 y dec.318-05:) : |
| Resto del título |
Ley 76-02 : legislación complementaria modificada y ampliada / |
| Mención de responsabilidad, etc. |
Trajano Vidal Potentini, Salvador Potentini. |
| 246 10 - FORMA VARIANTE DE TÍTULO |
| Título propio/Titulo breve |
Ley 76-02 : |
| Resto del título |
legislación complementaria modificada y ampliada. |
| 250 ## - MENCIÓN DE EDICIÓN |
| Mención de edición |
4a. ed. rev. |
| 260 ## - PUBLICACIÓN, DISTRIBUCIÓN, ETC. |
| Lugar de publicación, distribución, etc. |
Moca, República Dominicana : |
| Nombre del editor, distribuidor, etc. |
Dalis, |
| Fecha de publicación, distribución, etc. |
2014. |
| 300 ## - DESCRIPCIÓN FÍSICA |
| Extensión |
338, 28, 11 p. ; |
| Dimensiones |
24 cm. |
| 500 ## - NOTA GENERAL |
| Nota general |
Exposición esquematizada del contenido de las reformas índice de materia |
| 500 ## - NOTA GENERAL |
| Nota general |
4a ed. revisada con la edición de la Suprema y ampliada. |
| 700 1# - PUNTO DE ACCESO ADICIONAL--NOMBRE DE PERSONA |
| Nombre de persona |
Potentini Adames, Trajano Vidal |
| 9 (RLIN) |
73577 |
| 700 1# - PUNTO DE ACCESO ADICIONAL--NOMBRE DE PERSONA |
| Nombre de persona |
Potentini, Salvador |
| 9 (RLIN) |
67426 |
| 942 ## - ELEMENTOS DE PUNTO DE ACCESO ADICIONAL (KOHA) |
| Fuente del sistema de clasificación o colocación |
Dewey Decimal Classification |
| Tipo de ítem Koha |
Libro |